• 首页
  • 本馆介绍
  • 公告通知
  • 最新文献
  • 馆藏检索
  • 电子资源
  • 读者导购
  • 参考咨询
  • 我的图书馆
  • 登录
  • 详细信息显示
  • 放入我的书架
  • 预约/预借图书
  • 作者相关作品
  • 分类相关作品
  • 丛书相关作品
  • 出版社相关作品

书目信息

  • 表格格式
  • 工作单格式
  • 卡片格式
题名:
MBA速成教程
    
 
作者: 佩多索 著 ;傅尚裕 译
分册:   技术管理及应用
出版信息: 海口   海南出版社  2002
页数: 259页
开本: 21cm
丛书名: MBA实务
单 册:
中图分类: F204
科图分类:
主题词: 科学技术管理--研究生
电子资源:
ISBN: 7-5443-0338-1
000 00744nam0 2200241 45
001 0311181131
005 20031219104121.7
010    @a7-5443-0338-1@dCNY24.80
100    @a20031118d2002 km y0chiy0120 ea
101 0  @achi
105    @a z 000yy
200 1  @aMBA速成教程@AMBA Su Cheng Jiao Cheng@i技术管理及应用@f(美)丹尼尔·佩多索著@F(Mei)Dan Ni Er·Pei Duo Suo Zhu@g傅尚裕译
210    @a海口@c海南出版社@d2002
215    @a259页@d21cm
225    @aMBA实务
410    @12001 @aMBA实务
517 1  @a技术管理及应用@AJi Shu Guan Li Ji Ying Yong
606 0  @a科学技术管理@x研究生
690    @aF204@v4
701    @a佩多索@4著
702  0 @a傅尚裕@AFu Shang Yu@4译
801    @aCN@bTSTC@c20031118
905    @b328424-427@dF204@e45@f4
    
    MBA速成教程.技术管理及应用/(美)丹尼尔·佩多索著/傅尚裕译.-海口:海南出版社,2002
    259页;21cm.-(MBA实务)
    
    
    ISBN 7-5443-0338-1:CNY24.80
    
●
相关链接 在E读中查询图书 在五车中查询图书 在当当中查询图书 在豆瓣中查询图书


正题名:MBA速成教程     索取号:F204/45         预约/预借

序号 登录号 条形码 馆藏地/架位号 状态 备注
1 0328424   203284249   第一借阅区/ [索取号:F204/45] 在馆    
2 0328425   203284258   第一借阅区/ [索取号:F204/45] 在馆    
3 0328426   203284267   第一借阅区/ [索取号:F204/45] 在馆    
4 0328427   203284276   第一样本阅览室/ [索取号:F204/45] 在馆    
唐山师范学院图书馆 欢迎您!
大连网信软件有限公司© 版权所有